| 000 | 01174 a2200301 4500 | ||
|---|---|---|---|
| 003 | BJBSDDR | ||
| 005 | 20250305170207.0 | ||
| 007 | ta | ||
| 008 | 250224s1995 sp 00| 0 spa d | ||
| 020 | _a9788425909900 | ||
| 020 | _a8425909902 | ||
| 040 |
_bspa _cBJBSDDR |
||
| 041 | _aspa | ||
| 050 | 1 | 4 |
_a300 D 1060 _bW422e 1995 |
| 100 | 1 |
_aWeiler, Joseph H. H. _q(Joseph Halevi Horowitz), _d1951- _940792 |
|
| 245 | 1 | 0 |
_aEuropa, fin de siglo / _cJoseph Weiler ; Prólogo de Francisco Rubio Llorente. |
| 260 |
_aMadrid : _bCentro de Estudios Constitucionales, _c1995. |
||
| 300 |
_a207 páginas ; _c22 cm. |
||
| 440 | 0 |
_aCuadernos y debates ; _911498 _v59 |
|
| 505 | 0 | _a1. La transformación de Europa - 2. Viaje a lo desconocido: pasado y futuro del Tribunal de Justicia en el campo de la integración política - 3. Europa después de Maastricht | |
| 650 | 4 |
_aFederación Europea _95716 |
|
| 650 | 4 |
_aHistoria constitucional _92139 _zEuropa _ySiglo XX |
|
| 650 | 4 |
_aIntegración económica _94834 _zEuropa |
|
| 651 | 4 |
_aEuropa _xHistoria _97020 |
|
| 700 | 1 |
_aRubio Llorente, Francisco, _d1930-2016 _928061 _eprologuista |
|
| 942 |
_2lcc _cBK |
||
| 946 | _irmza | ||
| 999 |
_c122868 _d122868 |
||